| 000 | 00533cam a22002171 4500 | ||
|---|---|---|---|
| 001 | sa 68010972 | ||
| 003 | DLC | ||
| 005 | 20260227112556.0 | ||
| 008 | 881102s1966 xx 000 0 beno | ||
| 010 | _asa 68010972 | ||
| 035 | _a(OCoLC)23581213 | ||
| 040 |
_aDLC _cMiU _dDLC |
||
| 042 | _apremarc | ||
| 050 | 0 | 0 |
_aPK1718.S3823 _bR28 |
| 100 | 1 |
_aSen, Dineshchandra, _d1866-1939. |
|
| 245 | 1 | 0 | _aRāgaraṅga. |
| 260 | _c[1966] | ||
| 300 |
_a63 p. _c19 cm. |
||
| 500 | _aRomanized. | ||
| 650 | 0 |
_aKrishna (Hindu deity) _vFiction. |
|
| 999 |
_c83640 _d83640 |
||